Purple Logos Close-Up Quiz Stats

 Plays Quiz Updated Sep 6, 2018

Score 0/20 Timer 06:00
5 Plays Today
Hint Answer % Correct
Taco Bell
97.6%
Yahoo!
97%
Los Angeles Lakers
96.5%
FedEx
95.5%
Willy Wonka Candy Company
90%
Instagram
84.8%
Cadbury
81.6%
Public Broadcasting Service
75.2%
Baltimore Ravens
72.2%
Welch's
70.7%
Hint Answer % Correct
Colorado Rockies
67%
Roku
56.5%
Hallmark
56.2%
Sacramento Kings
54.5%
Monster.com
52.6%
Planet Fitness
52.4%
Crown Royal
50.1%
Twitch
40.8%
Apple Podcasts
32.8%
Craigslist
13.8%

You're not logged in!

Compare scores with friends on all Sporcle quizzes.
OR
Log In

Sporcle TV

Today on Sporcle TV


Watch our educational content, quiz creation guides, and fun videos on Sporcle TV.

Show Comments

Extras

Top Quizzes Today


Score Distribution

Your Account Isn't Verified!

In order to create a playlist on Sporcle, you need to verify the email address you used during registration. Go to your Sporcle Settings to finish the process.

Report this User

Report this user for behavior that violates our Community Guidelines.

Details: